Statistics for All countries formerly part of the Roman Empire

Click here to take the quiz!

General Stats

  • This quiz has been taken 26 times
    (6 since last reset)
  • The average score is 43 of 45

Answer Stats

Answer% Correct
Portugal
100%
Egypt
100%
Spain
100%
Bosnia and Herzegovina
100%
Montenegro
100%
Lebanon
100%
Jordan
100%
Israel
100%
Sudan
100%
Croatia
100%
Libya
100%
Tunisia
100%
Algeria
100%
Morocco
100%
Romania
100%
Turkey
100%
Bulgaria
100%
Bosnia
100%
Hungary
100%
Slovenia
100%
Netherlands
100%
Czech Republic
100%
Austria
100%
Malta
100%
United Kingdom
100%
France
100%
Monaco
100%
Luxembourg
100%
San Marino
100%
Italy
100%
Slovakia
100%
Belgium
100%
Switzerland
100%
Germany
100%
Andorra
83%
Liechtenstein
83%
Saudi Arabia
83%
Cyprus
83%
Greece
83%
Albania
83%
North Macedonia
83%
Kosovo
83%
Serbia
67%

Score Distribution

Percentile by Number Answered

Percent of People with Each Score

Your Score History

You have not taken this quiz since the last reset